[Event "TCh-RUS Women 2018"]
[Site "Sochi RUS"]
[Date "2018.05.07"]
[Round "6.1"]
[Board "3"]
[White "Smirnova, Ekaterina"]
[Black "Shuvalova, Polina"]
[Result "0-1"]
[WhiteTitle "WFM"]
[BlackTitle "WIM"]
[WhiteElo "2149"]
[BlackElo "2416"]
[WhiteTeam "Devyataya gorizontal Moscow"]
[BlackTeam "Legacy Square Capital Moscow"]
[WhiteFideId "4110943"]
[BlackFideId "24171760"]
[EventDate "2018.05.01"]

1. d4 Nf6 2. c4 e6 3. Nc3 Bb4 4. e3 O-O 5. Bd3 d5 6. Nf3 dxc4 7. Bxc4 c5 8. O-O
cxd4 9. exd4 b6 10. a3 Bxc3 11. bxc3 Qc7 12. Qe2 Bb7 13. Ne5 Nbd7 14. Nxd7 Nxd7
15. Bd2 Rfc8 16. Bd3 Bd5 17. Rfb1 Bc4 18. Bxc4 Qxc4 19. Qxc4 Rxc4 20. a4 a5 21.
Kf1 Rac8 22. Ke2 Kf8 23. Kd3 R8c6 24. g4 Ke7 25. h3 Kd6 26. Rb5 Kc7 27. f4 Kd6
28. f5 e5 29. g5 e4+ 30. Ke2 Rc8 31. h4 Kc6 32. Rbb1 Nb8 33. g6 Nd7 34. Rg1 fxg6
35. fxg6 h5 36. Rgf1 Nf6 37. Bh6 Nd5 38. Bxg7 Rg8 39. Rf7 Rxc3 40. Ra2 Nb4 41.
Ra1 Nd5 42. Ra2 Kd6 43. Ke1 Rc1+ 44. Kf2 e3+ 45. Kf3 Ke6 46. Rg2 Rf1+ 47. Ke4
Rh1 48. Rc2 Rxh4+ 49. Kf3 Rf4+ 50. Rxf4 Nxf4 51. Kxf4 Rxg7 52. Kg5 Kd5 53. Kxh5
Kxd4 54. Kh6 Re7 55. g7 Re8 56. Rb2 e2 57. g8=Q Rxg8 58. Rxe2 Rg4 59. Rb2 Kc5
60. Rc2+ Kb4 61. Rb2+ Kxa4 62. Rxb6 Ka3 63. Kh5 Rg1 64. Kh4 a4 65. Kh3 Ka2 66.
Kh2 Rg8 67. Rb7 a3 68. Rb6 Ka1 69. Rb7 a2 70. Rb6 Rc8 71. Kg3 Rc1 72. Kf3 Rb1
73. Ra6 Kb2 74. Rb6+ Kc3 75. Rc6+ Kd4 0-1

[Event "TCh-RUS Women 2018"]
[Site "Sochi RUS"]
[Date "2018.05.07"]
[Round "6.1"]
[Board "4"]
[White "Voit, Daria"]
[Black "Tomashevskaya, Lidia"]
[Result "1/2-1/2"]
[WhiteTitle "FM"]
[BlackTitle "WIM"]
[WhiteElo "2382"]
[BlackElo "2146"]
[WhiteTeam "Legacy Square Capital Moscow"]
[BlackTeam "Devyataya gorizontal Moscow"]
[WhiteFideId "4182146"]
[BlackFideId "4113110"]
[EventDate "2018.05.01"]

1. Nf3 d5 2. d4 Nf6 3. c4 c6 4. e3 a6 5. Bd3 dxc4 6. Bxc4 e6 7. O-O c5 8. dxc5
Qxd1 9. Rxd1 Bxc5 10. Be2 Nc6 11. Nbd2 Ke7 12. Ne1 Rd8 13. Nd3 Bd6 14. Nc4 Bc7
15. a4 Rb8 16. a5 Nd5 17. Bd2 e5 18. Nc5 f5 19. f3 f4 20. e4 Ndb4 21. Be1 Rxd1
22. Bxd1 b5 23. axb6 Bxb6 24. Nxb6 Rxb6 25. Na4 Rb8 26. Rc1 Bd7 27. Nc5 Nd4 28.
Rc4 a5 29. Bxb4 Rxb4 30. Rxb4 axb4 31. Nd3 b3 32. Nxe5 Bb5 33. g3 g5 34. Kf2 Ke6
35. Ng4 h5 36. Nh6 fxg3+ 37. hxg3 Kf6 38. Ke3 Nc2+ 39. Kd2 Bd7 40. f4 gxf4 41.
gxf4 Kg6 42. Nf5 Bxf5 43. exf5+ Kxf5 44. Bxh5 Kxf4 45. Kc3 Ke5 46. Kxb3 Ne3 47.
Bf7 Nd1 1/2-1/2

[Event "TCh-RUS Women 2018"]
[Site "Sochi RUS"]
[Date "2018.05.07"]
[Round "6.2"]
[Board "1"]
[White "Ushenina, Anna"]
[Black "Ambartsumova, Karina"]
[Result "1/2-1/2"]
[WhiteTitle "GM"]
[BlackTitle "WGM"]
[WhiteElo "2443"]
[BlackElo "2375"]
[WhiteTeam "Ugra"]
[BlackTeam "Ladya Tatarstan"]
[WhiteFideId "14110911"]
[BlackFideId "4166299"]
[EventDate "2018.05.01"]

1. d4 d5 2. Nf3 Nf6 3. c4 e6 4. g3 dxc4 5. Bg2 Nc6 6. Qa4 Bb4+ 7. Bd2 Bd6 8. Na3
Ne4 9. Nxc4 Nxd2 10. Nfxd2 O-O 11. e3 Bd7 12. Nxd6 cxd6 13. O-O d5 14. Rfc1 Qe7
15. Rc3 Rfc8 16. Rac1 Qb4 17. Qc2 Ne7 18. a3 Rxc3 19. Qxc3 Qb6 20. Qb3 Qxb3 21.
Nxb3 Rc8 22. Bf1 Rxc1 23. Nxc1 Nf5 24. Bd3 Nd6 25. b3 Kf8 26. f3 h6 27. Kf2 f6
28. Na2 Ke7 29. Nc3 Bc6 30. h4 g5 31. hxg5 hxg5 32. Kg2 e5 33. Kf2 Ke6 34. Bf1
Ke7 35. Bh3 Nb5 36. Nxb5 Bxb5 37. Bc8 b6 38. f4 exd4 39. exd4 gxf4 40. gxf4 Bd3
41. Ke3 1/2-1/2

[Event "TCh-RUS Women 2018"]
[Site "Sochi RUS"]
[Date "2018.05.07"]
[Round "6.2"]
[Board "2"]
[White "Nebolsina, Vera"]
[Black "Pogonina, Natalija"]
[Result "0-1"]
[WhiteTitle "WGM"]
[BlackTitle "WGM"]
[WhiteElo "2218"]
[BlackElo "2457"]
[WhiteTeam "Ladya Tatarstan"]
[BlackTeam "Ugra"]
[WhiteFideId "4163591"]
[BlackFideId "4147855"]
[EventDate "2018.05.01"]

1. e4 e5 2. Nf3 Nc6 3. Nc3 Nf6 4. g3 d5 5. exd5 Nxd5 6. Bg2 Nxc3 7. bxc3 Bc5 8.
O-O O-O 9. d3 Bb6 10. Qe1 Qf6 11. Nd2 Bf5 12. a4 Rfe8 13. Nb3 Na5 14. Nd2 Qe6
15. Ne4 a6 16. Ng5 Qd7 17. Be3 Bxe3 18. fxe3 Bg6 19. Qb1 Qe7 20. Nf3 e4 21. Nh4
exd3 22. Nxg6 hxg6 23. cxd3 Qxe3+ 24. Kh1 Rad8 25. Qb4 b6 26. d4 Qe7 27. Rac1
Rd6 28. d5 Rf6 29. Rxf6 gxf6 30. h4 Qe3 31. Qf4 Qxf4 32. gxf4 Kg7 33. Kh2 Nb7
34. c4 a5 35. d6 Nxd6 36. c5 Nf5 37. cxb6 cxb6 38. h5 gxh5 39. Bf3 h4 40. Rc7
Re7 41. Rxe7 Nxe7 42. Kh3 Nf5 43. Be4 Nd4 44. Bd3 Ne6 45. Kg4 h3 0-1

[Event "TCh-RUS Women 2018"]
[Site "Sochi RUS"]
[Date "2018.05.07"]
[Round "6.2"]
[Board "3"]
[White "Girya, Olga"]
[Black "Markelova, Lubov"]
[Result "1-0"]
[WhiteTitle "WGM"]
[BlackTitle "WFM"]
[WhiteElo "2465"]
[BlackElo "2127"]
[WhiteTeam "Ugra"]
[BlackTeam "Ladya Tatarstan"]
[WhiteFideId "4195752"]
[BlackFideId "24131369"]
[EventDate "2018.05.01"]

1. d4 d5 2. c4 c6 3. Nf3 Nf6 4. Nc3 dxc4 5. a4 Bf5 6. e3 e6 7. Bxc4 Bb4 8. O-O
Nbd7 9. Qe2 Bg6 10. e4 O-O 11. Bd3 Bh5 12. e5 Nd5 13. Nxd5 cxd5 14. Qe3 Re8 15.
Bd2 Qa5 16. Qe1 Bxd2 17. Qxd2 Qxd2 18. Nxd2 Rac8 19. Bb5 Red8 20. Rfc1 Nb8 21.
a5 a6 22. Ba4 Be2 23. f3 Bb5 24. Bxb5 axb5 25. Kf2 Nc6 26. Nb3 Nb4 27. Nc5 Rc7
28. Ke3 Rdc8 29. Ra3 Na6 30. Rac3 Nxc5 31. Rxc5 Rc6 32. a6 Rxc5 33. Rxc5 1-0

[Event "TCh-RUS Women 2018"]
[Site "Sochi RUS"]
[Date "2018.05.07"]
[Round "6.3"]
[Board "1"]
[White "Bodnaruk, Anastasia"]
[Black "Sazonova, Anastasia"]
[Result "1-0"]
[WhiteTitle "IM"]
[BlackTitle "WFM"]
[WhiteElo "2446"]
[BlackElo "2178"]
[WhiteTeam "SShOR St. Petersburg"]
[BlackTeam "Bukavushki Togliatti"]
[WhiteFideId "4181751"]
[BlackFideId "24131008"]
[EventDate "2018.05.01"]

1. e4 e6 2. d4 d5 3. e5 c5 4. c3 Nc6 5. Nf3 Bd7 6. a3 c4 7. g3 Qb6 8. Nbd2 O-O-O
9. b3 cxb3 10. Nxb3 f6 11. Bd3 Na5 12. Nxa5 Qxa5 13. Bd2 Ne7 14. O-O Kb8 15. Qe2
Rc8 16. c4 Qd8 17. c5 Nc6 18. Rfb1 Ka8 19. Bb5 h5 20. h4 Be7 21. Rb3 Nb8 22.
Rab1 f5 23. Bxd7 Qxd7 24. Rxb7 Qxb7 25. Rxb7 Kxb7 26. Ne1 Nc6 27. Nc2 Ka8 28.
Qa6 Rc7 29. Ba5 Nxa5 30. Qxa5 Rb7 31. Qa6 g5 32. hxg5 Bxg5 33. Qxe6 h4 34. gxh4
Bxh4 35. Qxd5 Rd8 36. Qf3 Rg8+ 37. Kf1 Kb8 38. Nb4 a5 39. Qd5 Rh8 40. c6 Ra7 41.
Qd6+ Kc8 42. Nd5 Bd8 43. e6 Rhh7 44. Qf8 a4 45. Qxf5 Kb8 46. c7+ 1-0

[Event "TCh-RUS Women 2018"]
[Site "Sochi RUS"]
[Date "2018.05.07"]
[Round "6.3"]
[Board "3"]
[White "Belenkaya, Dina"]
[Black "Chan, Naruna"]
[Result "1-0"]
[WhiteTitle "WGM"]
[WhiteElo "2297"]
[BlackElo "1927"]
[WhiteTeam "SShOR St. Petersburg"]
[BlackTeam "Bukavushki Togliatti"]
[WhiteFideId "24142654"]
[BlackFideId "24124290"]
[EventDate "2018.05.01"]

1. e4 c5 2. Nf3 Nc6 3. Bb5 e6 4. O-O Nge7 5. Re1 Nd4 6. Nxd4 cxd4 7. d3 a6 8.
Ba4 b5 9. Bb3 Bb7 10. Bf4 Nc6 11. Nd2 Be7 12. Bg3 O-O 13. f4 d5 14. e5 Bh4 15.
Qg4 Be7 16. Nf3 Bc8 17. Bf2 Bc5 18. Bh4 Be7 19. Bf2 Bc5 20. Ng5 Bd7 21. Kh1 h6
22. Nf3 Rc8 23. Rac1 a5 24. c3 a4 25. Bc2 Qb6 26. Bh4 Kh7 27. a3 Kh8 28. Qh3 Ne7
29. cxd4 Bxd4 30. Bxe7 Rfe8 31. Bg5 Kh7 32. Qh5 Rh8 33. Bb1 Rxc1 34. Rxc1 Kg8
35. Bd8 Qa7 36. Rc7 1-0

[Event "TCh-RUS Women 2018"]
[Site "Sochi RUS"]
[Date "2018.05.07"]
[Round "6.3"]
[Board "4"]
[White "Azimova, Karina"]
[Black "Styazhkina, Anna"]
[Result "1/2-1/2"]
[WhiteTitle "WFM"]
[BlackTitle "WIM"]
[WhiteElo "2059"]
[BlackElo "2299"]
[WhiteTeam "Bukavushki Togliatti"]
[BlackTeam "SShOR St. Petersburg"]
[WhiteFideId "4108310"]
[BlackFideId "24119300"]
[EventDate "2018.05.01"]

1. e4 e5 2. Nf3 Nc6 3. Nc3 Nf6 4. Bb5 Bb4 5. O-O O-O 6. Bxc6 dxc6 7. Nxe5 Bxc3
8. dxc3 Nxe4 9. Bf4 Qf6 10. Nd3 Nd6 11. Qh5 b6 12. Rfe1 Be6 13. Be5 Qg6 14. Qxg6
hxg6 15. Nb4 Nc4 16. Nxc6 Rfe8 17. b3 Na3 18. Nd4 c5 19. Nxe6 Rxe6 20. Bf4 Rae8
21. Kf1 Nxc2 22. Rxe6 Rxe6 23. Rc1 Na3 24. c4 f6 25. Bd2 Rd6 26. Bc3 b5 27. Bb2
Ra6 28. cxb5 Nxb5 29. Rxc5 Rxa2 30. Rxb5 Rxb2 31. Ra5 Rxb3 32. Rxa7 Rb2 33. h4
Rb1+ 34. Ke2 Rb2+ 35. Kf1 Rb1+ 36. Ke2 Rb2+ 37. Kf1 Rb1+ 38. Ke2 Rb2+ 39. Kf1
Rb1+ 40. Ke2 Rb2+ 41. Kf1 1/2-1/2

[Event "TCh-RUS Women 2018"]
[Site "Sochi RUS"]
[Date "2018.05.08"]
[Round "7.1"]
[Board "1"]
[White "Suslova, Alena"]
[Black "Ushenina, Anna"]
[Result "0-1"]
[WhiteTitle "WFM"]
[BlackTitle "GM"]
[WhiteElo "2153"]
[BlackElo "2443"]
[WhiteTeam "Yuzny Ural Chelyabinsk"]
[BlackTeam "Ugra"]
[WhiteFideId "24111643"]
[BlackFideId "14110911"]
[EventDate "2018.05.01"]

1. c4 c6 2. e4 d5 3. exd5 cxd5 4. cxd5 Nf6 5. Qa4+ Nbd7 6. Nc3 g6 7. Bc4 Bg7 8.
d3 a6 9. Nf3 O-O 10. Qa3 b6 11. O-O Bb7 12. Re1 Re8 13. Ng5 Rc8 14. Bd2 b5 15.
Bb3 Nc5 16. d6 e6 17. Nce4 Nfxe4 18. dxe4 Qxd6 19. Rad1 Qe5 20. Rb1 Qb8 21. Bc2
Nd7 22. Bd1 Ne5 23. Bf4 h6 24. Nf3 Nc4 25. Bxb8 Nxa3 26. bxa3 Rxb8 27. a4 b4 28.
e5 Bf8 29. Nd2 Red8 30. Nc4 Rd4 31. Bb3 Rc8 32. Rbc1 Rc5 33. Nb2 Rc3 34. Rcd1
Bc5 35. Re2 Kg7 36. h3 Kf8 37. Kh2 Ke7 38. Red2 Rxd2 39. Rxd2 Ba7 40. Nd1 Rc1
41. f4 g5 42. g3 Bb8 43. h4 gxf4 44. gxf4 f6 45. exf6+ Kxf6 46. Kg3 Rc7 47. Nf2
h5 48. Nh3 Rc3+ 49. Kh2 Bf3 50. Rd4 a5 51. Ng5 Re3 52. Bxe6 Rxe6 53. Nxf3 Re2+
54. Kg3 Rxa2 55. Rd5 Rxa4 56. Rxh5 b3 57. Rb5 Bxf4+ 0-1

[Event "TCh-RUS Women 2018"]
[Site "Sochi RUS"]
[Date "2018.05.08"]
[Round "7.1"]
[Board "2"]
[White "Pogonina, Natalija"]
[Black "Filippova, Darya"]
[Result "1-0"]
[WhiteTitle "WGM"]
[BlackTitle "WFM"]
[WhiteElo "2457"]
[BlackElo "1955"]
[WhiteTeam "Ugra"]
[BlackTeam "Yuzny Ural"]
[WhiteFideId "4147855"]
[BlackFideId "24173738"]
[EventDate "2018.05.01"]

1. d4 d5 2. c4 e6 3. Nf3 Nf6 4. Nc3 Nbd7 5. Bg5 c6 6. e3 Bd6 7. Be2 O-O 8. O-O
h6 9. Bh4 Re8 10. Qc2 dxc4 11. Bxc4 b5 12. Bd3 Qb6 13. a4 Ba6 14. Qe2 Nd5 15.
Nxd5 exd5 16. Rfc1 Bb7 17. a5 Qa6 18. Bg3 Bxg3 19. hxg3 g6 20. b4 Re6 21. g4
Rae8 22. g3 Kg7 23. Kg2 Bc8 24. Rh1 Qb7 25. g5 h5 26. Rh4 Rh8 27. Rah1 Ree8 28.
Qc2 a6 29. Qc3 Qc7 30. e4 Qd6 31. e5 Qc7 32. Rc1 Bb7 33. Qd2 Nf8 34. Ng1 Bc8 35.
Ne2 Nh7 36. Nf4 Qb7 37. Rch1 Nf8 38. f3 Ne6 39. Nxe6+ Bxe6 40. Qf4 Qe7 41. Qf6+
Kg8 42. Qxe7 Rxe7 43. g4 Kg7 44. gxh5 Ree8 45. hxg6 Rxh4 46. Rxh4 fxg6 47. Rh6
Bf7 48. f4 1-0

[Event "TCh-RUS Women 2018"]
[Site "Sochi RUS"]
[Date "2018.05.08"]
[Round "7.1"]
[Board "3"]
[White "Nasybullina, Alfia"]
[Black "Girya, Olga"]
[Result "0-1"]
[WhiteTitle "WFM"]
[BlackTitle "WGM"]
[WhiteElo "2140"]
[BlackElo "2465"]
[WhiteTeam "Yuzny Ural Chelyabinsk"]
[BlackTeam "Ugra"]
[WhiteFideId "4132416"]
[BlackFideId "4195752"]
[EventDate "2018.05.01"]

1. e4 c6 2. d4 d5 3. Nc3 dxe4 4. Nxe4 Bf5 5. Ng3 Bg6 6. h4 h6 7. Nf3 Nd7 8. h5
Bh7 9. Bd3 Bxd3 10. Qxd3 e6 11. Bf4 Qa5+ 12. Bd2 Bb4 13. c3 Be7 14. c4 Qb6 15.
O-O-O Ngf6 16. Rhe1 O-O 17. Nf5 exf5 18. Rxe7 Qd8 19. Re2 Ne4 20. Bf4 Ndf6 21.
Ne5 Nxh5 22. Be3 c5 23. g4 cxd4 24. Qxd4 Qxd4 25. Rxd4 Rfe8 26. Nxf7 Nhf6 27.
Nxh6+ gxh6 28. gxf5 Nxf2 29. Rxf2 Rxe3 30. Rh2 h5 0-1

[Event "TCh-RUS Women 2018"]
[Site "Sochi RUS"]
[Date "2018.05.08"]
[Round "7.1"]
[Board "4"]
[White "Kovanova, Baira"]
[Black "Denikina, Natalia"]
[Result "1-0"]
[WhiteTitle "WGM"]
[BlackTitle "WFM"]
[WhiteElo "2358"]
[BlackElo "2174"]
[WhiteTeam "Ugra"]
[BlackTeam "Yuzny Ural Chelyabinsk"]
[WhiteFideId "4164083"]
[BlackFideId "4135563"]
[EventDate "2018.05.01"]

1. d4 Nf6 2. c4 g6 3. Nc3 Bg7 4. e4 d6 5. Be2 O-O 6. Be3 c6 7. h3 a6 8. a4 a5 9.
Qd2 e5 10. d5 Bd7 11. Bf3 Na6 12. Nge2 Nc5 13. Nc1 cxd5 14. cxd5 Ne8 15. O-O f5
16. Qe2 f4 17. Bxc5 dxc5 18. Nb3 b6 19. Nd2 Nd6 20. Bg4 h5 21. Bxd7 Qxd7 22. Ra3
Rf6 23. Rb3 Rb8 24. Nb5 Bf8 25. Rd1 Kg7 26. Nxd6 Bxd6 27. Qb5 Qf7 28. h4 Qe7 29.
Qd3 Rff8 30. Nc4 Qc7 31. Qh3 Rf6 32. Rdd3 Qd8 33. Rb5 Bc7 34. Rdb3 Qf8 35. Qd7+
Qf7 36. Qxf7+ Kxf7 37. d6 Bxd6 38. Rxb6 Rd8 39. Rd3 Bc7 40. Rxd8 Bxb6 41. Rb8 1-0

[Event "TCh-RUS Women 2018"]
[Site "Sochi RUS"]
[Date "2018.05.08"]
[Round "7.2"]
[Board "1"]
[White "Kashlinskaya, Alina"]
[Black "Nikitina, Elena"]
[Result "1/2-1/2"]
[WhiteTitle "IM"]
[BlackTitle "WFM"]
[WhiteElo "2448"]
[BlackElo "2047"]
[WhiteTeam "Legacy Square Capital Moscow"]
[BlackTeam "Tolpar"]
[WhiteFideId "4198026"]
[BlackFideId "24110949"]
[EventDate "2018.05.01"]

1. d4 d5 2. c4 e6 3. Nc3 Nf6 4. Nf3 Be7 5. Bf4 O-O 6. e3 b6 7. Be2 Bb7 8. cxd5
Nxd5 9. Nxd5 Bxd5 10. O-O c5 11. dxc5 Bxc5 12. Qc2 Qe7 13. Rfd1 Nd7 14. Qa4 Nf6
15. Bg5 Bxf3 16. Bxf3 Rad8 17. h3 a5 18. a3 h6 19. Bf4 e5 20. Bg3 e4 21. Be2
Rxd1+ 22. Rxd1 Rd8 23. Rxd8+ Qxd8 24. Bh4 Qd2 25. Qb5 Qe1+ 26. Bf1 Qd2 27. g4
Qd6 28. Bg2 Qd1+ 29. Bf1 Qd6 30. Bg3 Qe7 31. Bg2 g5 32. Qc6 Qe6 33. Qxe6 fxe6
34. Be5 Kf7 35. Kf1 Ke7 36. Ke1 Bd6 37. Bd4 Bc7 38. Kd1 e5 39. Bc3 Kd6 40. Kc2
b5 41. Bf1 Kc6 42. Kb3 Kc5 43. Bd2 Bb6 44. Kc2 Kc6 45. Bc3 Bc7 46. Bg2 Kd6 47.
f4 exf3 48. Bxf3 Bb6 49. Kd3 Bc7 50. Bd2 Nd7 51. Ke4 Ke6 52. b4 axb4 53. Bxb4
Bb6 54. Kd3 Nc5+ 55. Kc2 Kd6 56. Bd2 Bc7 57. Bc3 Na4 58. Bb4+ Nc5 59. Kc3 Bb6
60. a4 bxa4 61. Kc4 e4 62. Bxe4 Ke5 63. Bc2 Ne4 64. Kd3 Bc5 65. Be1 a3 66. Bb3
Bb6 67. Bb4 Nc5+ 68. Bxc5 1/2-1/2

[Event "TCh-RUS Women 2018"]
[Site "Sochi RUS"]
[Date "2018.05.08"]
[Round "7.2"]
[Board "2"]
[White "Grigorieva, Yulia"]
[Black "Kovalevskaya, Ekaterina"]
[Result "0-1"]
[BlackTitle "IM"]
[WhiteElo "1969"]
[BlackElo "2397"]
[WhiteTeam "Tolpar"]
[BlackTeam "Legacy Square Capital Moscow"]
[WhiteFideId "34104868"]
[BlackFideId "4116704"]
[EventDate "2018.05.01"]

1. d4 Nf6 2. c4 c5 3. d5 b5 4. Nf3 g6 5. cxb5 a6 6. e3 Bg7 7. Nc3 O-O 8. a4 e6
9. e4 Bb7 10. Bf4 exd5 11. exd5 Re8+ 12. Be2 axb5 13. Nxb5 Nxd5 14. Bg5 Qb6 15.
O-O Na6 16. Qd2 Nab4 17. Rfe1 Qc6 18. Bc4 Re6 19. Rad1 Rae8 20. h3 Rxe1+ 21.
Nxe1 Re4 22. Nf3 Rxc4 23. Qe2 h6 24. Qxc4 hxg5 25. Nxg5 Bf6 26. Ne4 Be7 27. f3
Ne3 28. Qe2 Nxd1 29. Qxd1 d5 30. Ng3 Qe6 31. a5 Qe3+ 32. Kh1 Nd3 33. Qa4 Bc6 34.
a6 Bd6 35. Qg4 Nf2+ 0-1

[Event "TCh-RUS Women 2018"]
[Site "Sochi RUS"]
[Date "2018.05.08"]
[Round "7.2"]
[Board "3"]
[White "Shuvalova, Polina"]
[Black "Baiburina, Kamilla"]
[Result "1-0"]
[WhiteTitle "WIM"]
[WhiteElo "2416"]
[BlackElo "1860"]
[WhiteTeam "Legacy Square Capital Moscow"]
[BlackTeam "Tolpar"]
[WhiteFideId "24171760"]
[BlackFideId "34109584"]
[EventDate "2018.05.01"]

1. e4 e5 2. Nf3 Nf6 3. Nxe5 d6 4. Nc4 Nxe4 5. Qe2 Qe7 6. Ne3 c6 7. b3 Qe5 8. c3
d5 9. Bb2 Be7 10. g3 O-O 11. Bg2 f5 12. f4 Qe6 13. O-O Nd7 14. Re1 Bc5 15. d3
Nd6 16. Na3 Qf7 17. Nc2 Nf6 18. Rad1 Re8 19. c4 dxc4 20. dxc4 Nde4 21. b4 Bf8
22. a3 Be6 23. Nd4 g6 24. Nf3 Bg7 25. Ne5 Qc7 26. c5 Rad8 27. N3c4 Bd5 28. Bd4
Re6 29. Qc2 Rde8 30. Ne3 R6e7 31. Nxd5 cxd5 32. Qb3 Rd8 33. Re2 Qc8 34. Rc2 Rc7
35. Bf3 Qe6 36. Re1 Rdc8 37. Kg2 Re8 38. Qa4 Nd7 39. Qxa7 Nxe5 40. fxe5 Bxe5 41.
Bxe5 Qxe5 42. Qa4 Qe6 43. b5 Rec8 44. Qd4 Rd8 45. a4 Kf7 46. c6 bxc6 47. Bxe4
fxe4 48. b6 Re7 49. a5 Ra8 50. Rf1+ Kg8 51. Rf6 Qg4 52. h3 Qd7 53. Rfxc6 e3 54.
Rc7 Qf5 55. Qf4 Qd3 56. b7 Rae8 57. R7c3 Qb5 58. Rc7 Qb3 59. Rxe7 Qxc2+ 60. Kg1
Qd1+ 61. Qf1 Qa4 62. Qf7+ 1-0

[Event "TCh-RUS Women 2018"]
[Site "Sochi RUS"]
[Date "2018.05.08"]
[Round "7.2"]
[Board "4"]
[White "Kudrjushova, Elena"]
[Black "Voit, Daria"]
[Result "0-1"]
[BlackTitle "FM"]
[WhiteElo "1720"]
[BlackElo "2382"]
[WhiteTeam "Tolpar"]
[BlackTeam "Legacy Square Capital Moscow"]
[WhiteFideId "24186635"]
[BlackFideId "4182146"]
[EventDate "2018.05.01"]

1. e4 c5 2. Nf3 d6 3. d4 cxd4 4. Nxd4 Nf6 5. Nc3 a6 6. Bg5 Nbd7 7. f4 b5 8. Qf3
Bb7 9. O-O-O b4 10. Nd5 Nxd5 11. exd5 Qa5 12. Bc4 Nb6 13. Bb3 Qc5 14. Nf5 Bc8
15. Qe4 Bxf5 16. Qxf5 a5 17. a3 a4 18. axb4 Qe3+ 19. Kb1 axb3 20. Rhe1 g6 21.
Rxe3 gxf5 22. Rxb3 Kd7 23. Re3 f6 24. Bh4 Bh6 25. Bg3 Ra4 26. c3 Rha8 27. Kc2
Nc4 28. Re2 Ra1 29. Rd4 Nxb2 0-1

[Event "TCh-RUS Women 2018"]
[Site "Sochi RUS"]
[Date "2018.05.08"]
[Round "7.3"]
[Board "1"]
[White "Bodnaruk, Anastasia"]
[Black "Dordzhieva, Dinara"]
[Result "1-0"]
[WhiteTitle "IM"]
[BlackTitle "WIM"]
[WhiteElo "2446"]
[BlackElo "2301"]
[WhiteTeam "SShOR St. Petersburg"]
[BlackTeam "Devyataya gorizontal Moscow"]
[WhiteFideId "4181751"]
[BlackFideId "24157570"]
[EventDate "2018.05.01"]

1. e4 c5 2. Nf3 d6 3. d4 cxd4 4. Nxd4 Nf6 5. Nc3 a6 6. Be2 e6 7. f4 Nc6 8. Be3
Be7 9. O-O O-O 10. a4 Qc7 11. Kh1 Re8 12. Qe1 Nxd4 13. Bxd4 e5 14. fxe5 dxe5 15.
Qg3 Bd8 16. Be3 Kh8 17. a5 Be6 18. Bd3 Rc8 19. Na4 Qc6 20. Nc5 Nh5 21. Qxe5 Bg4
22. Qd4 Bf6 23. e5 Rxe5 24. Qxg4 Rxe3 25. Qxh5 g6 26. Qg4 Bxb2 27. Rab1 Bg7 28.
Nxb7 f5 29. Qb4 1-0

[Event "TCh-RUS Women 2018"]
[Site "Sochi RUS"]
[Date "2018.05.08"]
[Round "7.3"]
[Board "2"]
[White "Smirnova, Ekaterina"]
[Black "Ovod, Evgenija"]
[Result "0-1"]
[WhiteTitle "WFM"]
[BlackTitle "IM"]
[WhiteElo "2149"]
[BlackElo "2371"]
[WhiteTeam "Devyataya gorizontal Moscow"]
[BlackTeam "SShOR St. Petersburg"]
[WhiteFideId "4110943"]
[BlackFideId "4131827"]
[EventDate "2018.05.01"]

1. d4 Nf6 2. c4 e6 3. Nc3 d5 4. cxd5 Nxd5 5. e4 Nxc3 6. bxc3 c5 7. Nf3 cxd4 8.
cxd4 Bb4+ 9. Bd2 Bxd2+ 10. Qxd2 O-O 11. Be2 b6 12. O-O Bb7 13. Qe3 Nd7 14. Rac1
Rc8 15. Bd3 Qe7 16. e5 Rxc1 17. Rxc1 Rc8 18. Rxc8+ Bxc8 19. h3 Bb7 20. Be4 Nb8
21. Ng5 h6 22. Bxb7 Qxb7 23. Ne4 Qd5 24. Nd6 Nc6 25. Qf4 Nxd4 26. Qxf7+ Kh7 27.
Ne8 Qxe5 28. Qxa7 Ne2+ 29. Kf1 Nf4 30. Kg1 Qa1+ 31. Kh2 Ne2 32. Nf6+ Kg6 0-1

[Event "TCh-RUS Women 2018"]
[Site "Sochi RUS"]
[Date "2018.05.08"]
[Round "7.3"]
[Board "3"]
[White "Belenkaya, Dina"]
[Black "Tomashevskaya, Lidia"]
[Result "1-0"]
[WhiteTitle "WGM"]
[BlackTitle "WIM"]
[WhiteElo "2297"]
[BlackElo "2146"]
[WhiteTeam "SShOR St. Petersburg"]
[BlackTeam "Devyataya gorizontal Moscow"]
[WhiteFideId "24142654"]
[BlackFideId "4113110"]
[EventDate "2018.05.01"]

1. e4 e5 2. Nf3 Nc6 3. Nc3 Nf6 4. d4 exd4 5. Nxd4 Bb4 6. Nxc6 bxc6 7. Bd3 d5 8.
exd5 cxd5 9. O-O O-O 10. Bg5 c6 11. Qf3 Be7 12. Rfe1 h6 13. Bf4 Re8 14. h3 a5
15. Na4 Ba6 16. Rac1 Bb4 17. Rxe8+ Qxe8 18. Bxh6 gxh6 19. Qxf6 Bd2 20. Rf1 Bxd3
21. cxd3 Bg5 22. Qc3 Qe6 23. Re1 Qg6 24. d4 Kh8 25. Nc5 Rg8 26. g3 Qf5 27. Kg2
Bf6 28. Nd3 h5 29. Ne5 h4 30. Nxf7+ Kh7 31. Qe3 Rg7 32. Qh6+ Kg8 33. Qh8+ 1-0

[Event "TCh-RUS Women 2018"]
[Site "Sochi RUS"]
[Date "2018.05.08"]
[Round "7.3"]
[Board "4"]
[White "Ivanova, Karina"]
[Black "Styazhkina, Anna"]
[Result "0-1"]
[WhiteTitle "WFM"]
[BlackTitle "WIM"]
[WhiteElo "2128"]
[BlackElo "2299"]
[WhiteTeam "Devyataya gorizontal Moscow"]
[BlackTeam "SShOR St. Petersburg"]
[WhiteFideId "24139750"]
[BlackFideId "24119300"]
[EventDate "2018.05.01"]

1. d4 d5 2. c4 c6 3. cxd5 cxd5 4. Nc3 Nf6 5. Bf4 Nc6 6. e3 Bg4 7. Qb3 Na5 8.
Qa4+ Bd7 9. Qc2 Rc8 10. Bd3 e6 11. Nf3 b5 12. a3 Be7 13. O-O O-O 14. Rfc1 a6 15.
Ne5 Be8 16. h3 h6 17. Rab1 Nd7 18. Qe2 Nc4 19. Rc2 Ndxe5 20. Bxe5 Nxe5 21. dxe5
Bd7 22. Rbc1 Qb6 23. Qg4 Rfd8 24. b4 Rc6 25. Ne2 Rdc8 26. Qd4 Qb7 27. Qb2 Rxc2
28. Rxc2 Rxc2 29. Qxc2 Qb8 30. f4 f6 31. exf6 Bxf6 32. Kf2 Qb6 33. Qd2 Kf7 34.
Bb1 Ke7 35. Nd4 Qc7 36. Qc2 Qc4 37. Qxc4 dxc4 38. Be4 Kd6 39. Nc2 Bc3 40. Ke2
Bc6 41. Bxc6 Kxc6 42. e4 Kd6 43. Kf3 Bb2 44. Kg4 Bc1 45. g3 g6 46. Kf3 g5 47.
Kg4 Ke7 48. fxg5 hxg5 49. e5 Kf7 50. Kf3 Bb2 51. Ke4 Kg6 52. g4 Kf7 53. Nd4 Bxa3
54. Nc6 Ke8 55. Nb8 Bxb4 56. Nxa6 Ba5 57. Nb8 Bb6 58. Nc6 Bc5 59. Na5 Kd7 60.
Nb7 Bb4 61. h4 gxh4 62. g5 Bd2 63. g6 Bh6 64. Nd6 h3 65. Kf3 c3 0-1